[Event "Fortaleza Schoonenborch 7th"]
[Site "Fortaleza"]
[Date "2020.02.07"]
[Round "2"]
[White "Pinheiro, Jose Welliton"]
[Black "Da Silva, Francisco Iran Sant"]
[Result "0-1"]
[WhiteElo "1736"]
[BlackElo "1797"]
[PlyCount "94"]
[EventDate "2020.02.06"]
[EventType "swiss"]
[EventRounds "6"]
[EventCountry "BRA"]
[SourceTitle "CBM 195 Extra"]
[Source "ChessBase"]
[SourceDate "2020.05.31"]
[SourceVersion "1"]
[SourceVersionDate "2020.05.31"]
[SourceQuality "1"]

1. e4 e6 2. Nf3 d5 3. exd5 exd5 4. d4 Bd6 5. c4 Nf6 6. c5 Be7 7. Be2 Nc6 8. Bg5 h6 9. Bh4 0-0 10. 0-0 Bf5 11. Bd3 Bxd3 12. Qxd3 b6 13. Qb5 Na5 14. Ne5 g5 15. Bg3 c6 16. Nxc6 Nxc6 17. Qxc6 bxc5 18. dxc5 Rc8 19. Qa6 Bxc5 20. Nd2 Bb6 21. Qd3 Re8 22. Rfe1 Ne4 23. Nxe4 dxe4 24. Qxd8 Rcxd8 25. Re2 f5 26. h4 f4 27. Bh2 e3 28. fxe3 Rxe3 29. Rxe3 Bxe3+ 30. Kf1 Rd2 31. Bg1 Bxg1 32. Kxg1 Rxb2 33. hxg5 hxg5 34. a4 a5 35. Ra3 Kf7 36. Rc3 Rb4 37. Rc5 Rxa4 38. Rxg5 Kf6 39. Rb5 Ra1+ 40. Kf2 a4 41. Ra5 a3 42. Kf3 a2 43. Kg4 f3 44. Kg3 Ke6 45. Kf2 Kd6 46. gxf3 Rh1 47. Rxa2 Rh2+ 0-1

[Event "Norte Nordeste-ch Amateur U2000"]
[Site "Fortaleza"]
[Date "2019.04.27"]
[Round "4"]
[White "Gomes Filho, Cleando Cortez"]
[Black "Pinheiro, Jose Welliton"]
[Result "1-0"]
[WhiteElo "1959"]
[BlackElo "1732"]
[PlyCount "67"]
[EventDate "2019.04.26"]
[EventType "swiss"]
[EventRounds "6"]
[EventCountry "BRA"]
[SourceTitle "EXT 2020"]
[Source "ChessBase"]
[SourceDate "2019.10.17"]
[SourceVersion "1"]
[SourceVersionDate "2019.10.17"]
[SourceQuality "1"]

1. d4 Nf6 2. e3 g6 3. Bd3 Bg7 4. Nd2 d5 5. h3 b6 6. c3 Bb7 7. f4 Ne4 8. Ne2 Nd7 9. 0-0 e6 10. Qc2 Ndf6 11. g4 Nd6 12. Ng3 c5 13. g5 Nd7 14. Qd1 cxd4 15. exd4 0-0 16. Qg4 Nf5 17. Nf3 a6 18. h4 b5 19. h5 Nxg3 20. Qxg3 Qc7 21. Rf2 Qd6 22. Rh2 Rac8 23. Bd2 Qb6 24. Kg2 Qa5 25. hxg6 fxg6 26. Qh3 Rf5 27. Qxh7+ Kf7 28. Rh6 Nf8 29. Ne5+ Rxe5 30. Bxg6+ Nxg6 31. Qxg6+ Kg8 32. fxe5 Qc7 33. Rf1 Qe7 34. Qh7# 1-0

[Event "Norte Nordeste-ch Amateur U2000"]
[Site "Fortaleza"]
[Date "2019.04.26"]
[Round "1"]
[White "Teixeira Junior, Gilberto Alves"]
[Black "Pinheiro, Jose Welliton"]
[Result "1/2-1/2"]
[WhiteElo "1857"]
[BlackElo "1732"]
[PlyCount "84"]
[EventDate "2019.04.26"]
[EventType "swiss"]
[EventRounds "6"]
[EventCountry "BRA"]
[SourceTitle "EXT 2020"]
[Source "ChessBase"]
[SourceDate "2019.10.17"]
[SourceVersion "1"]
[SourceVersionDate "2019.10.17"]
[SourceQuality "1"]

1. e4 c5 2. Nf3 e6 3. d4 cxd4 4. Nxd4 a6 5. h3 b5 6. g4 Bb7 7. Bg2 Qc7 8. Be3 Nc6 9. f4 Be7 10. 0-0 Bc5 11. Kh1 Qb6 12. c3 Nge7 13. b4 Bxd4 14. Bxd4 Nxd4 15. cxd4 d5 16. Nc3 Rc8 17. Qd2 Rc4 18. Rad1 dxe4 19. Nxe4 0-0 20. a3 Rd8 21. Nc5 Bxg2+ 22. Qxg2 Rcxd4 23. Rxd4 Rxd4 24. Qa8+ Rd8 25. Qxa6 Qxa6 26. Nxa6 Ra8 27. Nc7 Rxa3 28. Kg2 Ra7 29. Nxb5 Rb7 30. Ra1 Rb8 31. Nc7 h6 32. b5 Rb7 33. Rc1 g6 34. Kf3 Kh7 35. Rc5 g5 36. Ne8 Nd5 37. f5 Re7 38. Nd6 Rd7 39. Ne8 Re7 40. Nd6 Rd7 41. Ne4 Rb7 42. Nd6 Rd7 1/2-1/2

[Event "Fortaleza Schoonenborch U1900 6th"]
[Site "Fortaleza"]
[Date "2019.03.09"]
[Round "4.7"]
[White "Monteiro, Jose Q Montenegro"]
[Black "Pinheiro, Jose Welliton"]
[Result "0-1"]
[WhiteElo "1816"]
[BlackElo "1732"]
[PlyCount "68"]
[EventDate "2019.03.07"]
[EventType "swiss"]
[EventRounds "6"]
[EventCountry "BRA"]
[SourceTitle "EXT 2022"]
[Source "ChessBase"]
[SourceDate "2021.10.06"]
[SourceVersion "1"]
[SourceVersionDate "2021.10.06"]
[SourceQuality "1"]

1. e4 c5 2. Bc4 e6 3. Qe2 a6 4. d3 b5 5. Bb3 Bb7 6. c3 Nc6 7. Nf3 Qc7 8. Be3 Nf6 9. Nbd2 d6 10. h3 Be7 11. 0-0 Nd7 12. Rac1 Nce5 13. Nxe5 Nxe5 14. f4 Nxd3 15. Qxd3 c4 16. Bxc4 bxc4 17. Nxc4 a5 18. Nd2 0-0 19. Rfe1 Bh4 20. Bf2 Bxf2+ 21. Kxf2 Qb6+ 22. Qe3 Qc6 23. Nf3 f6 24. b3 d5 25. exd5 Qxd5 26. c4 Qd7 27. Nh4 Rfd8 28. g4 Qc6 29. Rg1 Rd4 30. Rce1 Rad8 31. Re2 Rd3 32. Qc1 R8d4 33. Ng2 Qf3+ 34. Ke1 Qg3+ 0-1

[Event "Fortaleza Schoonenborch U1900 6th"]
[Site "Fortaleza"]
[Date "2019.03.09"]
[Round "3.2"]
[White "Pinheiro, Jose Welliton"]
[Black "Da Costa, Roberto Rodrigues G"]
[Result "0-1"]
[WhiteElo "1732"]
[BlackElo "1783"]
[PlyCount "78"]
[EventDate "2019.03.07"]
[EventType "swiss"]
[EventRounds "6"]
[EventCountry "BRA"]
[SourceTitle "EXT 2022"]
[Source "ChessBase"]
[SourceDate "2021.10.06"]
[SourceVersion "1"]
[SourceVersionDate "2021.10.06"]
[SourceQuality "1"]

1. e4 e5 2. Nf3 Nc6 3. Bc4 Bc5 4. 0-0 Nf6 5. c3 Nxe4 6. d4 d5 7. Bb5 exd4 8. cxd4 Bb6 9. Ne5 Bd7 10. Nxd7 Qxd7 11. Nc3 0-0 12. Nxe4 dxe4 13. d5 Rad8 14. Be3 Qxd5 15. Bxb6 Qxd1 16. Raxd1 cxb6 17. Rc1 Rd6 18. Rc4 f5 19. g4 g6 20. g5 Rc8 21. Ba4 Rcd8 22. Rfc1 Nd4 23. Bd1 Nf3+ 24. Bxf3 exf3 25. h3 Rd1+ 26. Rxd1 Rxd1+ 27. Kh2 Rd2 28. Rc8+ Kf7 29. Rc7+ Ke6 30. Rxb7 f4 31. h4 Rxf2+ 32. Kg1 Rxb2 33. Rxa7 Kf5 34. Rxh7 Kg4 35. Rd7 Kg3 36. Rd1 Rh2 37. a4 f2+ 38. Kf1 Rh1+ 39. Ke2 Rxd1 0-1

[Event "Fortaleza zt CE"]
[Site "Fortaleza"]
[Date "2018.10.13"]
[Round "4.8"]
[White "Brandao, Joao Marcus Da Cost"]
[Black "Pinheiro, Jose Welliton"]
[Result "0-1"]
[WhiteElo "1524"]
[BlackElo "1764"]
[PlyCount "66"]
[EventDate "2018.10.12"]
[EventType "swiss"]
[EventRounds "6"]
[EventCountry "BRA"]
[SourceTitle "EXT 2022"]
[Source "ChessBase"]
[SourceDate "2021.10.06"]
[SourceVersion "1"]
[SourceVersionDate "2021.10.06"]
[SourceQuality "1"]

1. Nf3 Nf6 2. g3 g6 3. Bg2 Bg7 4. 0-0 0-0 5. c4 c6 6. Nc3 d5 7. cxd5 cxd5 8. d4 Nc6 9. Ne5 e6 10. e4 Nxe5 11. dxe5 Nxe4 12. Nxe4 dxe4 13. Bf4 Qa5 14. Qd6 Rd8 15. Qe7 Bd7 16. Bxe4 Bc6 17. Bxc6 bxc6 18. Rfd1 Rd5 19. Rac1 Qxa2 20. Rxd5 cxd5 21. Qb7 Rf8 22. Kg2 h6 23. Rc7 g5 24. Bc1 Bxe5 25. Qxa7 Qxa7 26. Rxa7 Rc8 27. Ra1 Rc2 28. Rb1 Bd4 29. b4 Bxf2 30. Kh3 f5 31. Ba3 Ra2 32. Bb2 Kf7 33. b5 Bb6 0-1

[Event "Fortaleza Schoonenborch U1900 5th"]
[Site "Fortaleza"]
[Date "2018.01.27"]
[Round "4.5"]
[White "De Lima, Joao Evangelista"]
[Black "Pinheiro, Jose Welliton"]
[Result "0-1"]
[WhiteElo "1583"]
[BlackElo "1756"]
[PlyCount "66"]
[EventDate "2018.01.26"]
[EventType "swiss"]
[EventRounds "6"]
[EventCountry "BRA"]
[SourceTitle "EXT 2022"]
[Source "ChessBase"]
[SourceDate "2021.10.06"]
[SourceVersion "1"]
[SourceVersionDate "2021.10.06"]
[SourceQuality "1"]

1. Nf3 Nf6 2. d4 d5 3. Bf4 e6 4. e3 Bd6 5. Bg5 c5 6. c4 cxd4 7. exd4 dxc4 8. Bxc4 Qa5+ 9. Qd2 Bb4 10. Nc3 Ne4 11. Qc2 Bxc3+ 12. bxc3 Nxg5 13. Ne5 f6 14. Nd3 Nc6 15. 0-0 Qc7 16. Rfe1 0-0 17. h4 Nf7 18. Bxe6 Bxe6 19. Rxe6 Nxd4 20. Qd2 Nxe6 21. Nb4 Rad8 22. Qb2 a5 23. Nc2 b6 24. Re1 Nc5 25. Qa3 Nd3 26. Rf1 Qc5 27. Qb3 Nxf2 28. Nd4 Ng4 29. Kh1 a4 30. Qb2 Qc4 31. Kg1 Qc7 32. Nf3 Qg3 33. Qxb6 Rd2 0-1

[Event "Cearense Classic op"]
[Site "Fortaleza"]
[Date "2017.09.08"]
[Round "2"]
[White "Da Silva Sousa, Virginio Aleixo"]
[Black "Pinheiro, Jose Welliton"]
[Result "0-1"]
[WhiteElo "1633"]
[BlackElo "1899"]
[PlyCount "60"]
[EventDate "2017.09.07"]
[EventType "swiss"]
[EventRounds "6"]
[EventCountry "BRA"]
[SourceTitle "EXT 2019"]
[Source "ChessBase"]
[SourceDate "2018.10.10"]
[SourceVersion "1"]
[SourceVersionDate "2018.10.10"]
[SourceQuality "1"]

1. d4 d5 2. c4 e6 3. Nf3 Nf6 4. e3 c5 5. dxc5 Bxc5 6. b3 0-0 7. cxd5 Nxd5 8. Be2 Nc6 9. 0-0 Qf6 10. Ba3 b6 11. Bxc5 bxc5 12. Na3 Nc3 13. Qc2 Nb4 14. Qb2 Bb7 15. Rac1 Nxe2+ 16. Qxe2 Bxf3 17. gxf3 Rac8 18. Nb5 e5 19. Nc3 Rc6 20. Ne4 Qh4 21. Kg2 f5 22. Ng3 f4 23. Rc4 Rh6 24. Rh1 Qh3+ 25. Kg1 fxg3 26. fxg3 Rhf6 27. Rh4 Qf5 28. Qc4+ Kh8 29. f4 exf4 30. Rxf4 Qd5 0-1

[Event "Fortaleza Edmar Monte 4th"]
[Site "Fortaleza"]
[Date "2017.07.30"]
[Round "6"]
[White "Santos da Silva, Francisco Iran"]
[Black "Pinheiro, Jose Welliton"]
[Result "1/2-1/2"]
[WhiteElo "1867"]
[BlackElo "1899"]
[PlyCount "79"]
[EventDate "2017.07.27"]
[EventType "swiss"]
[EventRounds "6"]
[EventCountry "BRA"]
[SourceTitle "EXT 2018"]
[Source "ChessBase"]
[SourceDate "2017.10.13"]
[SourceVersion "1"]
[SourceVersionDate "2017.10.13"]
[SourceQuality "1"]

1. e4 c5 2. Nf3 e6 3. g3 Qc7 4. Nc3 a6 5. Bg2 Nc6 6. 0-0 b5 7. d4 cxd4 8. Nxd4 Bb7 9. Re1 Bc5 10. Nb3 Bd6 11. Be3 Ne5 12. Nd2 h5 13. h3 Ne7 14. Ne2 Bc5 15. Nf4 h4 16. g4 Bxe3 17. Rxe3 g5 18. Rc3 Qd8 19. Nd3 N7g6 20. Nf3 Nxd3 21. cxd3 Nf4 22. Rac1 f6 23. Nd4 Qb6 24. Ne2 Nxg2 25. Kxg2 Ke7 26. Qd2 Rac8 27. Rxc8 Rxc8 28. Rxc8 Bxc8 29. f4 Bb7 30. fxg5 f5 31. Qf4 Qc5 32. gxf5 exf5 33. Kf1 fxe4 34. dxe4 Qc6 35. Nc3 Qc4+ 36. Kf2 b4 37. Nd5+ Bxd5 38. Qf6+ Ke8 39. exd5 Qxd5 40. Qh8+ 1/2-1/2

[Event "Fortaleza Edmar Monte 4th"]
[Site "Fortaleza"]
[Date "2017.07.29"]
[Round "4"]
[White "Pinheiro, Jose Welliton"]
[Black "Silva, Caio Marques"]
[Result "1-0"]
[WhiteElo "1899"]
[BlackElo "1825"]
[PlyCount "51"]
[EventDate "2017.07.27"]
[EventType "swiss"]
[EventRounds "6"]
[EventCountry "BRA"]
[SourceTitle "EXT 2018"]
[Source "ChessBase"]
[SourceDate "2017.10.13"]
[SourceVersion "1"]
[SourceVersionDate "2017.10.13"]
[SourceQuality "1"]

1. e4 c5 2. Nf3 d6 3. d4 cxd4 4. Nxd4 Nf6 5. Nc3 a6 6. Be2 e6 7. Be3 Be7 8. 0-0 0-0 9. f4 b5 10. Bf3 Bb7 11. e5 Bxf3 12. Qxf3 dxe5 13. Nxe6 fxe6 14. Qxa8 exf4 15. Rxf4 Qc7 16. Qa7 Qe5 17. Qd4 Qc7 18. Ne4 e5 19. Nxf6+ Bxf6 20. Qd5+ Kh8 21. Rf2 Nd7 22. Rd1 Nb6 23. Qc5 Qxc5 24. Bxc5 Rb8 25. Bxb6 Rxb6 26. Rd8+ 1-0

[Event "Fortaleza Monte Cup"]
[Site "Fortaleza"]
[Date "2017.04.23"]
[Round "6"]
[White "Pereira Lustosa, Jose Maciel"]
[Black "Pinheiro, Jose Welliton"]
[Result "0-1"]
[WhiteElo "1763"]
[BlackElo "1884"]
[PlyCount "64"]
[EventDate "2017.04.21"]
[EventType "swiss"]
[EventRounds "6"]
[EventCountry "BRA"]
[SourceTitle "CBM 178 Extra"]
[Source "ChessBase"]
[SourceDate "2017.06.22"]
[SourceVersion "1"]
[SourceVersionDate "2017.06.22"]
[SourceQuality "1"]

1. f4 d5 2. e3 c5 3. Nf3 Nc6 4. c3 Bg4 5. Be2 Nf6 6. d4 e6 7. 0-0 h6 8. Qe1 Ne4 9. Nbd2 Nxd2 10. Bxd2 a6 11. Bd3 Bxf3 12. Rxf3 Qb6 13. Qb1 cxd4 14. exd4 Be7 15. Kh1 Bf6 16. Be3 Qc7 17. Qc2 Rc8 18. Bd2 Nxd4 19. Qa4+ b5 20. Qxa6 Nxf3 21. Bxb5+ Kf8 22. gxf3 g6 23. Bd3 Kg7 24. Qa4 Qc5 25. Qc2 d4 26. b4 Qh5 27. c4 Qxf3+ 28. Kg1 g5 29. Rf1 Qg4+ 30. Kh1 Qh3 31. b5 e5 32. Bf5 Qxf1# 0-1

[Event "Fortaleza Monte Cup"]
[Site "Fortaleza"]
[Date "2017.04.22"]
[Round "3"]
[White "De Lima, Nilo Fernandes"]
[Black "Pinheiro, Jose Welliton"]
[Result "0-1"]
[WhiteElo "1804"]
[BlackElo "1884"]
[PlyCount "54"]
[EventDate "2017.04.21"]
[EventType "swiss"]
[EventRounds "6"]
[EventCountry "BRA"]
[SourceTitle "CBM 178 Extra"]
[Source "ChessBase"]
[SourceDate "2017.06.22"]
[SourceVersion "1"]
[SourceVersionDate "2017.06.22"]
[SourceQuality "1"]

1. e4 c5 2. d4 cxd4 3. Nf3 e5 4. c3 Nf6 5. Bg5 Qb6 6. Bxf6 gxf6 7. Qc2 Nc6 8. Nbd2 dxc3 9. Nc4 cxb2 10. Nxb2 Nd4 11. Nxd4 Qxd4 12. a3 b6 13. Bc4 Bb7 14. f3 Rc8 15. Qb3 Bc5 16. Bxf7+ Ke7 17. Rf1 Ba6 18. Bc4 Bxc4 19. Nxc4 Qxa1+ 20. Ke2 Qd4 21. Rd1 Qf2+ 22. Kd3 Qxg2 23. Ne3 Bxe3 24. Kxe3 Qc2 25. Rxd7+ Kxd7 26. Qf7+ Kc6 27. Qxf6+ Kb7 0-1

[Event "Fortaleza Monte Cup"]
[Site "Fortaleza"]
[Date "2017.04.22"]
[Round "4"]
[White "Pinheiro, Jose Welliton"]
[Black "Moreira, Mauricio Rocancourt"]
[Result "1/2-1/2"]
[WhiteElo "1884"]
[BlackElo "1925"]
[PlyCount "79"]
[EventDate "2017.04.21"]
[EventType "swiss"]
[EventRounds "6"]
[EventCountry "BRA"]
[SourceTitle "CBM 178 Extra"]
[Source "ChessBase"]
[SourceDate "2017.06.22"]
[SourceVersion "1"]
[SourceVersionDate "2017.06.22"]
[SourceQuality "1"]

1. e4 c5 2. Nf3 e6 3. d4 cxd4 4. Nxd4 a6 5. Nc3 Qc7 6. g3 b5 7. Bg2 Bb7 8. 0-0 b4 9. Nce2 Nf6 10. f3 d5 11. exd5 Nxd5 12. Nf4 Bc5 13. Kh1 0-0 14. Nxd5 Bxd5 15. c3 bxc3 16. bxc3 Nc6 17. Be3 Na5 18. Nc2 Nc4 19. Bxc5 Qxc5 20. Qd4 Rfc8 21. Qxc5 Rxc5 22. Rfe1 h6 23. f4 Bxg2+ 24. Kxg2 Rb8 25. Rab1 Rxb1 26. Rxb1 Nd2 27. Rb8+ Kh7 28. Ra8 a5 29. Na3 Ne4 30. c4 Nc3 31. Nb5 Nxa2 32. Rxa5 Nc3 33. Ra7 Nxb5 34. cxb5 Rxb5 35. Rxf7 Kg6 36. Rf8 Rb2+ 37. Kh3 h5 38. Rc8 Kf6 39. Rc5 g6 40. Re5 1/2-1/2

[Event "Fortaleza Sales Memorial"]
[Site "Fortaleza"]
[Date "2016.05.28"]
[Round "5"]
[White "Da Paixao, Irineu Vieira"]
[Black "Pinheiro, Jose Welliton"]
[Result "1-0"]
[WhiteElo "1846"]
[BlackElo "1890"]
[PlyCount "131"]
[EventDate "2016.05.26"]
[EventType "swiss"]
[EventRounds "6"]
[EventCountry "BRA"]
[SourceTitle "CBM 172 Extra"]
[Source "ChessBase"]
[SourceDate "2016.06.21"]
[SourceVersion "1"]
[SourceVersionDate "2016.06.21"]
[SourceQuality "1"]

1. d4 d5 2. Nf3 g6 3. e3 Bg7 4. Bd3 Nf6 5. Nbd2 0-0 6. 0-0 c5 7. b3 Nbd7 8. Bb2 b6 9. Rc1 Bb7 10. Ng5 cxd4 11. exd4 e6 12. Ndf3 a6 13. Nh3 Re8 14. Re1 Rc8 15. Qe2 b5 16. Kh1 Bh6 17. Rcd1 Nh5 18. Bc1 Bxc1 19. Rxc1 Nhf6 20. Nhg5 Kg7 21. Ne5 Nxe5 22. Qxe5 Qc7 23. Qe2 Qf4 24. Nf3 Ne4 25. Bxe4 dxe4 26. Nd2 f5 27. c4 bxc4 28. bxc4 Qg5 29. f3 Red8 30. Qf2 exf3 31. gxf3 Qf4 32. d5 e5 33. Qe3 Qxe3 34. Rxe3 Rxd5 35. Nb3 Rd7 36. Kg2 e4 37. f4 Bc6 38. Kf2 Kf6 39. Ke2 Ba4 40. Rec3 h5 41. Ke3 Bxb3 42. axb3 Rcd8 43. R1c2 Rd3+ 44. Ke2 g5 45. fxg5+ Kxg5 46. c5 Rxc3 47. Rxc3 f4 48. c6 e3 49. c7 Rc8 50. Kf3 e2 51. Kxe2 Kg4 52. h3+ Kh4 53. Kf3 Kxh3 54. Kxf4+ Kg2 55. Ke5 h4 56. Kd6 h3 57. Kd7 Rh8 58. c8Q Rxc8 59. Kxc8 h2 60. Rc2+ Kg3 61. Rxh2 Kxh2 62. Kb7 a5 63. Kb6 Kg3 64. Kxa5 Kf4 65. Kb6 Ke5 66. Kc6 1-0

[Event "Fortaleza Sales Memorial"]
[Site "Fortaleza"]
[Date "2016.05.28"]
[Round "4"]
[White "Pinheiro, Jose Welliton"]
[Black "Brandao, Marcius Gomes"]
[Result "0-1"]
[WhiteElo "1890"]
[BlackElo "2077"]
[PlyCount "38"]
[EventDate "2016.05.26"]
[EventType "swiss"]
[EventRounds "6"]
[EventCountry "BRA"]
[SourceTitle "CBM 172 Extra"]
[Source "ChessBase"]
[SourceDate "2016.06.21"]
[SourceVersion "1"]
[SourceVersionDate "2016.06.21"]
[SourceQuality "1"]

1. d4 d5 2. Bf4 Nf6 3. h3 e6 4. e3 Bd6 5. Bg5 h6 6. Bh4 g5 7. Bg3 Bxg3 8. fxg3 Qd6 9. Ne2 Ne4 10. g4 Nd7 11. c3 f5 12. Nd2 Ndf6 13. gxf5 exf5 14. Nxe4 Nxe4 15. h4 Bd7 16. hxg5 0-0-0 17. gxh6 Rxh6 18. Rxh6 Qxh6 19. Nf4 Qh4+ 0-1

[Event "Fortaleza Sales Memorial"]
[Site "Fortaleza"]
[Date "2016.05.27"]
[Round "3"]
[White "Albuquerque, Wellington S Jr"]
[Black "Pinheiro, Jose Welliton"]
[Result "1-0"]
[WhiteElo "2128"]
[BlackElo "1890"]
[PlyCount "59"]
[EventDate "2016.05.26"]
[EventType "swiss"]
[EventRounds "6"]
[EventCountry "BRA"]
[SourceTitle "CBM 172 Extra"]
[Source "ChessBase"]
[SourceDate "2016.06.21"]
[SourceVersion "1"]
[SourceVersionDate "2016.06.21"]
[SourceQuality "1"]

1. e4 c5 2. Nf3 e6 3. g3 Nc6 4. Bg2 Nge7 5. 0-0 d5 6. exd5 Nxd5 7. d4 cxd4 8. Nxd4 Bd7 9. c4 Nf6 10. Nxc6 Bxc6 11. Bxc6+ bxc6 12. Qa4 Qb6 13. Be3 Qb7 14. Nd2 Be7 15. Nb3 0-0 16. Na5 Qa6 17. b4 c5 18. Qc6 Qc8 19. b5 Ng4 20. Qxc8 Raxc8 21. Nc6 Bd6 22. Rad1 Nxe3 23. fxe3 Rxc6 24. bxc6 Be5 25. Rd7 f6 26. Rxa7 h5 27. Re7 Ra8 28. Rxe6 Rxa2 29. Rxe5 fxe5 30. c7 1-0

[Event "Fortaleza Schoonenborch U2000"]
[Site "Fortaleza"]
[Date "2016.02.13"]
[Round "3"]
[White "Pinheiro, Jose Welliton"]
[Black "Brandao, Joao Marcus Da Cost"]
[Result "1/2-1/2"]
[WhiteElo "1777"]
[BlackElo "1439"]
[PlyCount "78"]
[EventDate "2016.02.11"]
[EventType "swiss"]
[EventRounds "6"]
[EventCountry "BRA"]
[SourceTitle "CBM 170 Extra"]
[Source "ChessBase"]
[SourceDate "2016.02.25"]
[SourceVersion "1"]
[SourceVersionDate "2016.02.25"]
[SourceQuality "1"]

1. e4 e5 2. Nf3 Nf6 3. Nxe5 d6 4. Nf3 Nxe4 5. d4 d5 6. Bd3 Bg4 7. Qe2 Qe7 8. c4 Nf6 9. Bf4 Bxf3 10. gxf3 dxc4 11. Bxc4 Qxe2+ 12. Kxe2 Nc6 13. Bb5 0-0-0 14. Bxc6 bxc6 15. Be3 Bd6 16. Nc3 Rhe8 17. Rad1 Rd7 18. a3 Red8 19. h3 h6 20. Rhg1 Bf8 21. Rd2 Nd5 22. Rc2 Kb7 23. Rgc1 Nb6 24. b4 Nc4 25. Nb1 Nd6 26. Rxc6 Nf5 27. b5 Kb8 28. d5 Ne7 29. Ra6 Nxd5 30. Bxa7+ Kb7 31. Be3 Nb6 32. a4 Ra8 33. Bxb6 Rxa6 34. bxa6+ Kxb6 35. Nc3 Kxa6 36. Nb5 c5 37. Rc4 Re7+ 38. Kd2 Re5 39. f4 Rh5 1/2-1/2

[Event "Cearenses-ch"]
[Site "Fortaleza"]
[Date "2014.11.14"]
[Round "2"]
[White "Pinheiro, Jose Welliton"]
[Black "Brandao, Marcius Gomes"]
[Result "0-1"]
[WhiteElo "1753"]
[BlackElo "2082"]
[PlyCount "38"]
[EventDate "2014.11.13"]
[EventType "swiss"]
[EventRounds "6"]
[EventCountry "BRA"]
[SourceTitle "EXT 2022"]
[Source "ChessBase"]
[SourceDate "2021.10.06"]
[SourceVersion "1"]
[SourceVersionDate "2021.10.06"]
[SourceQuality "1"]

1. e4 c5 2. Nf3 g6 3. d4 cxd4 4. Nxd4 Nc6 5. Be3 Nf6 6. Nc3 Bg7 7. Be2 0-0 8. Qd2 d5 9. Nxc6 bxc6 10. e5 Nd7 11. f4 e6 12. Na4 Nxe5 13. 0-0 Nd7 14. c3 Qa5 15. Qc2 c5 16. Nxc5 Nxc5 17. b4 Qa4 18. Qxa4 Nxa4 19. Rac1 Nxc3 0-1

[Event "Tiradentes op"]
[Site "Tiradentes"]
[Date "2014.04.18"]
[Round "2"]
[White "Pinheiro, Jose Welliton"]
[Black "Laroca, Alvaro Ney"]
[Result "1-0"]
[WhiteElo "1755"]
[BlackElo "1589"]
[PlyCount "105"]
[EventDate "2014.04.18"]
[EventType "swiss"]
[EventRounds "7"]
[EventCountry "BRA"]
[SourceTitle "CBM 160 Extra"]
[Source "ChessBase"]
[SourceDate "2014.07.01"]
[SourceVersion "1"]
[SourceVersionDate "2014.07.01"]
[SourceQuality "1"]

1. e4 e5 2. Nf3 Nc6 3. Bc4 Nd4 4. 0-0 d5 5. exd5 Bg4 6. d3 Qf6 7. Nbd2 Bd6 8. Ne4 Qg6 9. Ng3 h5 10. h4 0-0-0 11. c3 Nxf3+ 12. gxf3 e4 13. dxe4 Bxg3 14. fxg3 Bh3 15. Bf4 Bxf1 16. Kxf1 f5 17. d6 Ne7 18. e5 Nc6 19. Qd2 Rhe8 20. Re1 cxd6 21. exd6 Rxe1+ 22. Qxe1 Rxd6 23. Bxd6 Qxd6 24. Be6+ Kc7 25. Bxf5 Ne5 26. Qe2 g6 27. Be4 Qc5 28. Qd2 Qf8 29. Qd5 Nc6 30. b4 a6 31. a4 Qf6 32. Qc5 Qe6 33. b5 axb5 34. axb5 Qh3+ 35. Ke2 Qg2+ 36. Kd3 Qf1+ 37. Kc2 Qe2+ 38. Kb3 Qd1+ 39. Bc2 Qxf3 40. bxc6 bxc6 41. Qe5+ Kb7 42. Bxg6 Qd1+ 43. Bc2 Qf3 44. Qe7+ Kb6 45. Qb4+ Kc7 46. Qf4+ Qxf4 47. gxf4 Kd6 48. Kc4 c5 49. Bf5 Kc6 50. Bg6 Kd6 51. Bxh5 Ke6 52. Bg4+ Kd6 53. h5 1-0

[Event "Natal Potiguar op"]
[Site "Natal"]
[Date "2013.07.06"]
[Round "4"]
[White "De Andrade, Dalson Holanda Cav"]
[Black "Pinheiro, Jose Welliton"]
[Result "1-0"]
[WhiteElo "1984"]
[BlackElo "1631"]
[PlyCount "73"]
[EventDate "2013.07.05"]
[EventType "swiss"]
[EventRounds "6"]
[EventCountry "BRA"]
[SourceTitle "EXT 2014"]
[Source "ChessBase"]
[SourceDate "2013.11.20"]
[SourceVersion "1"]
[SourceVersionDate "2013.11.20"]
[SourceQuality "1"]

1. d4 d5 2. c4 e6 3. Nc3 c6 4. e4 dxc4 5. Bxc4 Nf6 6. Nf3 Bb4 7. Qc2 a6 8. Bg5 h6 9. Bh4 Be7 10. a4 b6 11. 0-0 Bb7 12. e5 Nd5 13. Bxe7 Nxe7 14. Ne4 Nc8 15. a5 b5 16. Ba2 Nd7 17. Nc5 Nxc5 18. Qxc5 Qe7 19. Nd2 0-0 20. Ne4 Rb8 21. Rac1 Rd8 22. Rfd1 Qh4 23. Bb1 Rd5 24. Qc2 Ne7 25. g3 Qh3 26. Nf6+ Kf8 27. Nxd5 exd5 28. Qh7 Rc8 29. Re1 Rc7 30. Qh8+ Ng8 31. Bh7 Ke7 32. Qxg8 Qg4 33. h3 Qxh3 34. Qxg7 Bc8 35. Qf6+ Ke8 36. e6 Bxe6 37. Bf5 1-0